Dos Centurias Anhelantes de gloria y saber : (Record no. 23367)

000 -CABECERA
fixed length control field 01191nam a22002537i 4500
003 - IDENTIFICADOR DEL NÚMERO DE CONTROL
control field AR-CdUCM
008 - DATOS DE LONGITUD FIJA--INFORMACIÓN GENERAL
fixed length control field 250827b20252025 pe||||| |||| 00| 0 spa d
040 ## - FUENTE DE LA CATALOGACIÓN
Agencia/entidad que catalogó originalmente la obra MUNICIPALIDAD PROVINCIAL DEL CUSCO
Entidad que transcribió la catalogación BIBLIOTECA MUNICIPAL DEL CUSCO
082 ## - NÚMERO DE LA CLASIFICACIÓN DECIMAL DEWEY
No. de Clasificación 373.98561 / D
Notacion interna D
110 ## - ENTRADA PRINCIPAL--NOMBRE DE ENTIDAD CORPORATIVA
Nombre de la institución, jurisdicción como entrada principal Exalumnos de la Promoción 1972 "Víctor Andrés Belaunde Diez Canseco", del Glorioso Colegio Nacional de Ciencias
9 (RLIN) 51571
245 ## - MENCIÓN DE TÍTULO
Título Dos Centurias Anhelantes de gloria y saber :
Resto del título Libro conmemorativo de los exalumnos de la Promoción 1972 /
260 ## - PUBLICACIÓN, DISTRIBUCIÓN, ETC.
Lugar de publicación, distribución, etc. Cusco :
300 ## - DESCRIPCIÓN FÍSICA
Nº de Páginas Extensión 319 páginas. :
Otros detalles físicos Ilustraciones
Dimensiones 29x21 cm.
505 ## - NOTA DE CONTENIDO CON FORMATO
Nota de contenido formateada Glorioso Colegio Nacional de Ciencias y Artes -- La casa vieja cienciana -- 45 años después, recuerdos -- ¿Qué es el Ciencianismo? -- Crónicas de un Cincuentenario -- La mamá de moisés -- El infaltable fútbol -- Arte y tradición -- Simón Bolívar y el Perú
650 ## - PUNTO DE ACCESO ADICIONAL DE MATERIA--TÉRMINO DE MATERIA
Descriptor Colegio Nacional Ciencias
9 (RLIN) 51572
650 ## - PUNTO DE ACCESO ADICIONAL DE MATERIA--TÉRMINO DE MATERIA
Descriptor Ciencianistas
9 (RLIN) 51573
650 ## - PUNTO DE ACCESO ADICIONAL DE MATERIA--TÉRMINO DE MATERIA
Descriptor Drama
9 (RLIN) 560
650 ## - PUNTO DE ACCESO ADICIONAL DE MATERIA--TÉRMINO DE MATERIA
Descriptor Niño Héroe a los quice años
9 (RLIN) 51574
650 ## - PUNTO DE ACCESO ADICIONAL DE MATERIA--TÉRMINO DE MATERIA
Descriptor Huarachicuy
9 (RLIN) 51575
650 ## - PUNTO DE ACCESO ADICIONAL DE MATERIA--TÉRMINO DE MATERIA
Descriptor Los Mérida
9 (RLIN) 51576
942 ## - ELEMENTOS DE PUNTO DE ACCESO ADICIONAL (KOHA)
Fuente de clasificación
Tipo de item Libros-BMC
945 ## - PROCESAMIENTO DE INFORMACIÓN LOCAL (OCLC)
Catalogador pbjr
AAAA-MM-DD - Fecha de ingreso o modificacion 27-08-2025
Holdings
Estado de retiro (separado) Fuente de clasificación o esquema de estanterías Estado dañado Ubicación Sala donde se ubica Nombre de la colección Fecha de adquisición o compra Fuente de adquisición Costo, precio normal en soles Signatura topográfica Código de Barras Última vez visto (Koha) Tipo de ítem (Koha)
No     Sala Humanidades Sala Humanidades Book Cart 2025-08-27 Donación 50.00 373.98561 / D SH0000016978 2025-08-27 Libros-BMC

Powered by Koha